000 00470nam a2200133Ia 4500
008 220615s9999||||xx |||||||||||||| ||und||
020 _a9780260000000
245 0 _aOpen Development
_bNetworked Innovations in International Development
546 _aEnglish[eng]
650 _aCentral / national / federal government policies||Development studies
700 _aSmith, Matthew L.||Reilly, Katherine M. A.
856 _uhttp://mitpress.mit.edu/9780262525411
942 _cEB
999 _c12773
_d12773